00350nam a2200133 a 450008200130000010000150001324500280002826000490005630000080010550000350011350500280014865000250017670000150020100a291bHAQ aHaque, Q A aIslam and Other Faiths. aSecunderabadbAnjuman-E-Taraqi-E-Islamc1916 a48p aincludes index and biblioraphy2 aacc no 1649 is archives aComparative Religion1 aHaque, Q A